000
00287nam a22001337a 4500
008
171202b xxu||||| |||| 00| 0 eng d
020
_a
576521001
041
_a
eng
080
_a
32
100
_a
18
101
_a
SHP
245
_a
THIRD WORLD DEVELOPMENT
_c
STOCKWELL
942
_2
udc
_c
BK
999
_c
38729
_d
38729